| 000 | 00524nam a2200145Ia 4500 | ||
|---|---|---|---|
| 020 | _a978-93-7473-4803 | ||
| 082 |
_a616.01 _bM12B |
||
| 100 | _aबंसल, श्रीनन्दन ( BANSAL, SHIRINANADAN) | ||
| 245 | _aपरिचारिकाओं के लिए सूक्ष्म जीव - विज्ञान की पाठ्य पुस्तक ( TB. OF MICROBIOLOGY FOR NURSES) | ||
| 250 | _a1ST | ||
| 260 |
_bAITBS _aDELHI _c2012 |
||
| 300 | _a392 | ||
| 650 | _aMICROBIOLOGY | ||
| 942 |
_2ddc _cBK |
||
| 999 |
_c2225 _d2225 |
||